Britannica student encyclopedia / Vol.16
Shranjeno v:
| Format: | Knjiga |
|---|---|
| Jezik: | Undetermined |
| Izdano: |
Chicago
Britannica Encyclopedia
2007
|
| Teme: | |
| Oznake: |
Označite
Brez oznak, prvi označite!
|
| Thư viện lưu trữ: | Trung tâm Học liệu Trường Đại học Cần Thơ |
|---|
| LEADER | 00514nam a2200181Ia 4500 | ||
|---|---|---|---|
| 001 | CTU_128745 | ||
| 008 | 210402s9999 xx 000 0 und d | ||
| 020 | |c 500000 | ||
| 082 | |a 032 | ||
| 082 | |b B862/Vol.16 | ||
| 245 | 0 | |a Britannica student encyclopedia / Vol.16 | |
| 260 | |a Chicago | ||
| 260 | |b Britannica Encyclopedia | ||
| 260 | |c 2007 | ||
| 650 | |a encyclopedias and dictionaries,english language | ||
| 650 | |x encyclopedias | ||
| 904 | |i Năm | ||
| 980 | |a Trung tâm Học liệu Trường Đại học Cần Thơ | ||